<?xml version="1.0" encoding="UTF-8"?>
<record
    xmlns:xsi="http://www.w3.org/2001/XMLSchema-instance"
    xsi:schemaLocation="http://www.loc.gov/MARC21/slim http://www.loc.gov/standards/marcxml/schema/MARC21slim.xsd"
    xmlns="http://www.loc.gov/MARC21/slim">

  <leader>00903nam a2200229Ia 4500</leader>
  <controlfield tag="003">IN-BaIIA</controlfield>
  <controlfield tag="008">211028s9999    xx            000 0 eng d</controlfield>
  <datafield tag="020" ind1=" " ind2=" ">
    <subfield code="a">3-540-63822-9</subfield>
  </datafield>
  <datafield tag="040" ind1=" " ind2=" ">
    <subfield code="c">IIA Library</subfield>
  </datafield>
  <datafield tag="080" ind1=" " ind2=" ">
    <subfield code="a">524.6-33</subfield>
    <subfield code="b">ESO</subfield>
  </datafield>
  <datafield tag="111" ind1=" " ind2=" ">
    <subfield code="a">European Southern Observatory Workshop</subfield>
    <subfield code="c">Germany</subfield>
    <subfield code="d">1996 Nov. 18-20</subfield>
    <subfield code="9">22714</subfield>
  </datafield>
  <datafield tag="245" ind1=" " ind2="0">
    <subfield code="a">Galaxy scaling relations-origins, evolution and applications</subfield>
    <subfield code="b">proceedings of the ESO workshop held in Garching, Germany, 18-20 November 1996</subfield>
    <subfield code="c">edited by Luiz Nicolaci da Costa and Alvio Renzini                                       </subfield>
  </datafield>
  <datafield tag="260" ind1=" " ind2=" ">
    <subfield code="a">Berlin</subfield>
    <subfield code="b">Springer-Verlag</subfield>
    <subfield code="c">1997</subfield>
  </datafield>
  <datafield tag="300" ind1=" " ind2=" ">
    <subfield code="a">xx, 404p.</subfield>
  </datafield>
  <datafield tag="490" ind1=" " ind2=" ">
    <subfield code="a">ESO astrophysics symposia</subfield>
  </datafield>
  <datafield tag="650" ind1=" " ind2=" ">
    <subfield code="a">Galaxy</subfield>
    <subfield code="9">3368</subfield>
  </datafield>
  <datafield tag="650" ind1=" " ind2=" ">
    <subfield code="a">Galaxy formation</subfield>
    <subfield code="9">10073</subfield>
  </datafield>
  <datafield tag="700" ind1=" " ind2=" ">
    <subfield code="a">Costa, Luiz Nicolaci da, ed.</subfield>
    <subfield code="9">22715</subfield>
  </datafield>
  <datafield tag="700" ind1=" " ind2=" ">
    <subfield code="a">Renzini, Alvio, ed.</subfield>
    <subfield code="9">11645</subfield>
  </datafield>
  <datafield tag="710" ind1=" " ind2=" ">
    <subfield code="a">European Southern Observatory</subfield>
    <subfield code="9">10914</subfield>
  </datafield>
  <datafield tag="942" ind1=" " ind2=" ">
    <subfield code="c">BK</subfield>
  </datafield>
  <datafield tag="999" ind1=" " ind2=" ">
    <subfield code="c">12942</subfield>
    <subfield code="d">12942</subfield>
  </datafield>
  <datafield tag="952" ind1=" " ind2=" ">
    <subfield code="0">0</subfield>
    <subfield code="1">0</subfield>
    <subfield code="4">0</subfield>
    <subfield code="7">0</subfield>
    <subfield code="a">BAN</subfield>
    <subfield code="b">BAN</subfield>
    <subfield code="c">GEN</subfield>
    <subfield code="d">1999-03-12</subfield>
    <subfield code="e">ANJ   </subfield>
    <subfield code="g">1252.00</subfield>
    <subfield code="l">0</subfield>
    <subfield code="o">524.6-33/ ESO</subfield>
    <subfield code="p">13859</subfield>
    <subfield code="r">2021-11-05</subfield>
    <subfield code="v">1252.00</subfield>
    <subfield code="w">1999-03-12</subfield>
    <subfield code="y">BK</subfield>
    <subfield code="G">Rs. 1252.00  </subfield>
  </datafield>
</record>
